00603nam a2200157Ia 4500008004100000100002500041245006900066245006900135260005300204260000900257300001100266650001500277856006100292999001900353952007300372170221s9999 xx 000 0 und d aNor Aziza Abdul Aziz aIssues and Problems in Ethical Practices amongst Takaful Agents  cNor Aziza Abdul Aziz, Abdullah Haji Abdul Ghani, Hasnizam Shaari bInternational Review of Management and Marketing c2016 a6 : 4S xMarketing. uhttp://www.econjournals.com/index.php/irmm/issue/view/77 c308325d308325 001040aCLbCLd2017-02-21l0r2017-02-21 00:00:00w2017-02-21yFOJ